| 000 | 00735nam a2200205Ii 4500 | ||
|---|---|---|---|
| 003 | JO-AjNU | ||
| 008 | 230605s9999||||xx |||||||||||||| ||und|| | ||
| 017 | _a2009/7/2921 | ||
| 040 |
_aJO-AjNU _bara _erda _cJO-AjNU |
||
| 041 | _aara | ||
| 050 | 1 | 4 | _aPJ7745.J3.A6 2009 |
| 100 | 3 |
_aالجاحظ ، ابي عثمان عمرو بن بحر ؛ تقديم وشرح علي ابو ملحم, _eauthor _957193 |
|
| 245 | 0 | 0 | _aالبيان والتبيين، ج2 |
| 264 | 3 | 1 | _aعمان: وزارة الثقافة ، 2009 |
| 300 |
_aج2، 261ص _bفهرس الاعلام ص 247-257 |
||
| 336 |
_atext _btxt _2rdacontent |
||
| 337 |
_aunmediated _bn _2rdamedia |
||
| 338 |
_avolume _bnc _2rdacarrier |
||
| 650 | 4 |
_aالادب العربي _957194 |
|
| 999 |
_aA25614 _c29182 _d29182 |
||